| 000 | 01300nam a2200217 a 4500 | ||
|---|---|---|---|
| 008 | 120416s1984 ||||||||||||||||| || u | ||
| 020 | _a019877107X | ||
| 050 | _aHB 172.5 Art | ||
| 100 | _aArtis, M. J | ||
| 245 | 1 | 0 | _aMacroeconomics |
| 260 |
_aOxford _bClarendon _c1984 |
||
| 300 | _axiv, 238p. : ill. | ||
| 350 | _a0.00 | ||
| 500 | _a55 copies in SB Department | ||
| 995 |
_aTEXTBOOKS (SB) _D0.00 _e7120 _FCBU-SCHOOL TEXTBOOK COLLECTIONS _H1 _I0.00 _jSCHOOL TEXTBOOK _M2 _UAVAILABLE _WSep 10, 2009 _y7120 _ZSchool Collections |
||
| 995 |
_aTEXTBOOKS (SB) _D0.00 _e01265 _FCBU-SCHOOL TEXTBOOK COLLECTIONS _H1 _I0.00 _jSCHOOL TEXTBOOK _M4 _UAVAILABLE _WSep 16, 2009 _y01265 _ZSchool Collections |
||
| 995 |
_aTEXTBOOKS (SB) _D0.00 _e01267 _FCBU-SCHOOL TEXTBOOK COLLECTIONS _H1 _I0.00 _jSCHOOL TEXTBOOK _M6 _UAVAILABLE _WSep 16, 2009 _y01267 _ZSchool Collections |
||
| 995 |
_aTEXTBOOKS (SB) _D0.00 _e01266 _FCBU-SCHOOL TEXTBOOK COLLECTIONS _H1 _I0.00 _jSCHOOL TEXTBOOK _M5 _UAVAILABLE _WSep 16, 2009 _y01266 _ZSchool Collections |
||
| 995 |
_aTEXTBOOKS (SB) _D0.00 _e01264 _FCBU-SCHOOL TEXTBOOK COLLECTIONS _H1 _I0.00 _jSCHOOL TEXTBOOK _M3 _UAVAILABLE _WSep 16, 2009 _y01264 _ZSchool Collections |
||
| 995 |
_aBINDERY (DAMAGED) _D0.00 _e722691 _FCBU-MAIN LIBRARY (Kitwe) _H1 _I6.95 _jHB 172.5 Art _UDAMAGED _y001745 _ZMain Library Open Access Collection |
||
| 999 |
_c82300 _d82300 |
||